Fossils

Guardat en:
Dades bibliogràfiques
Autor principal: Moody, Richard (autor)
Format: Llibre
Idioma:anglès
Publicat: Londres Hamlyn 1979
Col·lecció:Hamlyn Nature Guides
Matèries:
Etiquetes: Afegir etiqueta
Sense etiquetes, Sigues el primer a etiquetar aquest registre!

MARC

LEADER 00000nam a2200000 a 4500
001 UCU4059
003 CL-VaPUC
008 960517e19790000UK |||||||||||||||||eng|d
082 0 4 |a 560.1  |b MOO  |2 21 
100 |a Moody, Richard  |e autor  |9 361443 
245 1 0 |a Fossils 
300 |a 128 p 
942 |c BK 
945 |d 19960517 00:00:00  |a cmena 
260 |a Londres  |b Hamlyn  |c 1979 
650 0 |a Paleontología  |9 314794 
650 7 |a GEOLOGIA BASICA  |2 CL-VaPUC  |9 360600 
650 0 |a Geología histórica  |9 361444 
650 7 |a PALEOBOTANICA  |2 CL-VaPUC  |9 344348 
650 0 |a Paleontología de los vertebrados  |9 338539 
650 7 |a PALEONTOLOGIA DE LOS INVERTEBRADOS  |2 CL-VaPUC  |9 361445 
583 |a last modification  |c 19960517 00:00:00  |k Rodrigo Vera 
490 0 |a Hamlyn Nature Guides 
999 |c 247885  |d 247883 
952 |0 0  |1 0  |4 0  |6 560_100000000000000_MOO_1979  |7 0  |8 A  |9 264095  |a BIBING  |b BIBING  |d 2019-11-19  |i 1665502  |o 560.1 MOO 1979  |p 1665502  |r 2025-01-20  |w 2019-11-19  |y BK  |k GEO